[Event "4NCL 2023-24"]
[Site "England ENG"]
[Date "2024.03.17"]
[Round "8.1"]
[Board "1"]
[White "Berry, Neil"]
[Black "Lupulescu, Constantin"]
[Result "0-1"]
[WhiteTitle "FM"]
[BlackTitle "GM"]
[WhiteElo "2263"]
[BlackElo "2579"]
[WhiteTeam "Alba"]
[BlackTeam "Manx Liberty"]
[WhiteFideId "2400650"]
[BlackFideId "1207822"]
[EventDate "2023.11.11"]

1. d4 d5 2. c4 e6 3. Nf3 Nf6 4. g3 dxc4 5. Bg2 c6 6. O-O b5 7. Ne5 Bb7 8. b3
cxb3 9. axb3 Be7 10. Nc3 Qb6 11. Bb2 Nbd7 12. Nxd7 Nxd7 13. Ne4 O-O 14. Rc1 a5
15. Qd2 Rfd8 16. Qf4 a4 17. b4 a3 18. Bc3 Nf6 19. Nc5 Nd5 20. Bxd5 cxd5 21. Rc2
Bxc5 22. dxc5 Qc6 23. Be5 f6 24. Bd6 d4 25. f3 e5 26. Qd2 Bc8 27. Ra1 Be6 28.
Qd3 a2 29. Qd2 Ra3 30. Rcxa2 Bxa2 31. Rxa2 Rda8 32. Rxa3 Rxa3 33. Kf2 Qd5 34.
Qc2 d3 0-1

[Event "4NCL 2023-24"]
[Site "England ENG"]
[Date "2024.03.17"]
[Round "8.1"]
[Board "2"]
[White "Csonka, Balazs"]
[Black "Olson, Hamish"]
[Result "1/2-1/2"]
[WhiteTitle "IM"]
[BlackTitle "FM"]
[WhiteElo "2491"]
[BlackElo "2359"]
[WhiteTeam "Manx Liberty"]
[BlackTeam "Alba"]
[WhiteFideId "742910"]
[BlackFideId "2404257"]
[EventDate "2023.11.11"]

1. d4 d5 2. c4 e6 3. Nf3 Nf6 4. g3 Bb4+ 5. Bd2 Be7 6. Bg2 O-O 7. O-O Nbd7 8. Qc2
c6 9. Bf4 a5 10. Rd1 a4 11. Ne5 Qa5 12. Nxd7 Nxd7 13. Nd2 g5 14. Be3 f5 15. Nf3
Qd8 16. Rac1 Rf7 17. Kh1 Kh8 18. Qd2 Rg7 19. Ne1 1/2-1/2

[Event "4NCL 2023-24"]
[Site "England ENG"]
[Date "2024.03.17"]
[Round "8.1"]
[Board "3"]
[White "Morrison, Graham SCO"]
[Black "Jaracz, Pawel"]
[Result "0-1"]
[WhiteTitle "FM"]
[BlackTitle "GM"]
[WhiteElo "2223"]
[BlackElo "2467"]
[WhiteTeam "Alba"]
[BlackTeam "Manx Liberty"]
[WhiteFideId "2400090"]
[BlackFideId "1102222"]
[EventDate "2023.11.11"]

1. d4 Nf6 2. c4 e6 3. Nf3 b6 4. g3 Ba6 5. b3 Bb4+ 6. Bd2 Be7 7. Bg2 d5 8. cxd5
exd5 9. Ne5 O-O 10. O-O Re8 11. Nc3 Bb7 12. Rc1 Nbd7 13. Bf4 Nf8 14. Nd3 Ne6 15.
Be5 Nd7 16. Nxd5 Ba3 17. Ne7+ Qxe7 18. Bxb7 Rab8 19. Bg2 Bxc1 20. Nxc1 Rbd8 21.
Bf4 Nf6 22. d5 Nxf4 23. gxf4 Qd6 24. e3 Nxd5 25. Qc2 Nb4 26. Qc4 Qc5 27. Qxc5
bxc5 28. a3 Nc2 29. Ne2 Rd2 30. Nc3 Rd3 31. Ne4 Rxb3 32. Rc1 Nxa3 33. Nxc5 Rb1
34. Rxb1 Nxb1 35. Na6 Rd8 36. h4 Rd1+ 37. Kh2 Rc1 38. Nb4 a5 39. Nd3 Rd1 40. Nb2
Rd8 41. Bc6 Nc3 42. Kg3 Rb8 43. Nc4 a4 44. f5 Rb4 45. Ne5 a3 46. Be8 Ne4+ 0-1

[Event "4NCL 2023-24"]
[Site "England ENG"]
[Date "2024.03.17"]
[Round "8.1"]
[Board "4"]
[White "Parligras, Mircea-Emilian"]
[Black "Mitchell, Martin"]
[Result "1-0"]
[WhiteTitle "GM"]
[WhiteElo "2543"]
[BlackElo "2151"]
[WhiteTeam "Manx Liberty"]
[BlackTeam "Alba"]
[WhiteFideId "1204297"]
[BlackFideId "2400634"]
[EventDate "2023.11.11"]

1. d4 Nf6 2. c4 e6 3. Nf3 c5 4. d5 exd5 5. cxd5 d6 6. Nc3 g6 7. Nd2 Bg7 8. e4
O-O 9. Be2 Na6 10. O-O Nc7 11. a4 a6 12. Re1 Re8 13. a5 Bd7 14. Bf1 Nb5 15. h3
Nd4 16. Nf3 b5 17. axb6 Qxb6 18. Ra2 Bb5 19. Nxd4 Bxf1 20. Nc6 Bc4 21. Ra3 Nh5
22. g4 Nf6 23. b3 Bb5 24. Nxb5 Qxb5 25. Ra5 Qb6 26. Ra4 Nd7 27. Bf4 f5 28. Bxd6
Nf6 29. gxf5 gxf5 30. Ne7+ Rxe7 31. Bxe7 Nxe4 32. Raxe4 fxe4 33. d6 Bd4 34. Rxe4
Kh8 35. Rxd4 cxd4 36. Qg4 1-0

[Event "4NCL 2023-24"]
[Site "England ENG"]
[Date "2024.03.17"]
[Round "8.1"]
[Board "5"]
[White "Shafi, Declan"]
[Black "Cyborowski, Lukasz"]
[Result "1/2-1/2"]
[BlackTitle "GM"]
[WhiteElo "2224"]
[BlackElo "2484"]
[WhiteTeam "Alba"]
[BlackTeam "Manx Liberty"]
[WhiteFideId "2405156"]
[BlackFideId "1108760"]
[EventDate "2023.11.11"]

1. d4 Nf6 2. c4 e6 3. Nc3 d5 4. cxd5 exd5 5. Bg5 c6 6. e3 Be7 7. Bd3 Nbd7 8.
Nge2 O-O 9. O-O Nh5 10. Bxe7 Qxe7 11. Qc2 g6 12. Rab1 Ndf6 13. b4 a6 14. a4 Ng7
15. b5 axb5 16. axb5 Bf5 17. Nf4 Bxd3 18. Nxd3 Ne6 19. Na4 Rac8 20. bxc6 bxc6
21. Rfc1 Rc7 22. Nac5 Nxc5 23. Nxc5 Ra8 24. h3 Nd7 1/2-1/2

[Event "4NCL 2023-24"]
[Site "England ENG"]
[Date "2024.03.17"]
[Round "8.1"]
[Board "6"]
[White "Galyas, Miklos"]
[Black "McKay, Roderick M"]
[Result "1/2-1/2"]
[WhiteTitle "GM"]
[BlackTitle "IM"]
[WhiteElo "2396"]
[BlackElo "2179"]
[WhiteTeam "Manx Liberty"]
[BlackTeam "Alba"]
[WhiteFideId "707244"]
[BlackFideId "2400049"]
[EventDate "2023.11.11"]

1. c4 d6 2. g3 f5 3. Nc3 Nf6 4. Bg2 e5 5. d3 c6 6. e4 Na6 7. Nge2 Be7 8. O-O O-O
9. h3 Be6 10. exf5 Bxf5 11. g4 Bc8 12. d4 h5 13. dxe5 dxe5 14. Qxd8 Rxd8 15. g5
Nh7 16. Ne4 Bf5 17. N2g3 Bg6 18. h4 Nb4 19. Be3 Nd3 20. Bf3 Nf4 21. Bxf4 exf4
22. Bxh5 Nf8 23. Bxg6 Nxg6 24. Nf5 Bf8 25. Rad1 Ne5 26. b3 g6 27. Nfd6 Bxd6 28.
Nxd6 Nf3+ 29. Kg2 Nxh4+ 30. Kh3 Nf3 31. Nxb7 Rf8 32. Rd6 Rf5 33. Kg2 Nh4+ 34.
Kh3 Nf3 1/2-1/2

[Event "4NCL 2023-24"]
[Site "England ENG"]
[Date "2024.03.17"]
[Round "8.1"]
[Board "7"]
[White "Swanson, Stephen"]
[Black "Terbe, Julianna"]
[Result "1/2-1/2"]
[BlackTitle "WIM"]
[WhiteElo "2145"]
[BlackElo "2289"]
[WhiteTeam "Alba"]
[BlackTeam "Manx Liberty"]
[WhiteFideId "2400251"]
[BlackFideId "708780"]
[EventDate "2023.11.11"]

1. e4 c5 2. d4 cxd4 3. c3 Nf6 4. e5 Nd5 5. Qxd4 e6 6. Nf3 Nc6 7. Qe4 f5 8. Qe2
b5 9. g3 a5 10. Bg2 Ba6 11. O-O Bc5 12. Rd1 O-O 13. Ng5 Nce7 14. Nh3 Qc7 15. Nf4
Nxf4 16. Bxf4 Rad8 17. Nd2 h6 18. h4 Bb7 19. Bxb7 Qxb7 20. Nf3 Nd5 21. Rd3 b4
22. Rad1 bxc3 23. bxc3 Qb5 24. Qd2 Nb6 25. Bxh6 Be7 26. Bg5 Nc4 27. Qe2 Rf7 28.
Rd4 Na3 1/2-1/2

[Event "4NCL 2023-24"]
[Site "England ENG"]
[Date "2024.03.17"]
[Round "8.1"]
[Board "8"]
[White "Kolbus, Dietmar"]
[Black "Roy, Ali"]
[Result "1-0"]
[WhiteTitle "IM"]
[BlackTitle "WFM"]
[WhiteElo "2231"]
[BlackElo "1948"]
[WhiteTeam "Manx Liberty"]
[BlackTeam "Alba"]
[WhiteFideId "4610628"]
[BlackFideId "2400456"]
[EventDate "2023.11.11"]

1. c4 e6 2. Nf3 d5 3. e3 Nf6 4. b3 Nbd7 5. Bb2 Bd6 6. d4 b6 7. Be2 Bb7 8. O-O
O-O 9. Ne5 c5 10. Nd2 Rc8 11. f4 Ne4 12. Nxe4 dxe4 13. Nxd7 Qxd7 14. dxc5 bxc5
15. Qe1 f5 16. Rd1 Qc7 17. Qc3 Rcd8 18. Rd2 Qe7 19. Rfd1 Bc7 20. Rxd8 Rxd8 21.
Rxd8+ Bxd8 22. a3 Qd7 23. Qe1 Bf6 24. Bxf6 gxf6 25. Qa5 e5 26. Qxa7 exf4 27.
Qb8+ Bc8 28. Qxf4 Qd2 29. Kf2 Kg7 30. Qc7+ Bd7 31. Qxc5 f4 32. Qe7+ Kg8 33. Qxe4
Bg4 34. Qd5+ 1-0

[Event "4NCL 2023-24"]
[Site "England ENG"]
[Date "2024.03.17"]
[Round "8.2"]
[Board "1"]
[White "Macak, Stefan"]
[Black "Camacho Collados, Jose"]
[Result "1-0"]
[WhiteTitle "IM"]
[BlackTitle "IM"]
[WhiteElo "2321"]
[BlackElo "2370"]
[WhiteTeam "Barnet Knights A"]
[BlackTeam "Chessable White Rose 1"]
[WhiteFideId "14905531"]
[BlackFideId "2265427"]
[EventDate "2023.11.11"]

1. e4 c5 2. Nf3 e6 3. d4 cxd4 4. Nxd4 Nf6 5. Nc3 Nc6 6. Ndb5 Bb4 7. a3 Bxc3+ 8.
Nxc3 d5 9. exd5 exd5 10. Bd3 O-O 11. O-O d4 12. Ne2 Bg4 13. h3 Bh5 14. f4 Re8
15. g4 Nxg4 16. hxg4 Bxg4 17. Rf2 f5 18. Bd2 Kh8 19. Rh2 Re6 20. Kf2 Qe7 21. Qh1
h6 22. Ng3 Re8 23. Re1 Rxe1 24. Qxe1 Qd7 25. Qh1 Ne7 26. Rxh6+ gxh6 27. Qxh6+
Kg8 28. Bc4+ Nd5 29. Qg6+ Kf8 30. Bb4+ Re7 31. Bxe7+ Qxe7 32. Qh6+ Ke8 33. Qh8+
Kd7 34. Qxd4 Kc7 35. Qxd5 1-0

[Event "4NCL 2023-24"]
[Site "England ENG"]
[Date "2024.03.17"]
[Round "8.2"]
[Board "2"]
[White "Wells, Peter K"]
[Black "Rocco, Federico"]
[Result "1/2-1/2"]
[WhiteTitle "GM"]
[WhiteElo "2351"]
[BlackElo "2161"]
[WhiteTeam "Chessable White Rose 1"]
[BlackTeam "Barnet Knights A"]
[WhiteFideId "400327"]
[BlackFideId "431362"]
[EventDate "2023.11.11"]

1. d4 Nf6 2. Nf3 e6 3. c4 b6 4. a3 d5 5. cxd5 exd5 6. Nc3 Be7 7. g3 O-O 8. Bg2
Bb7 9. O-O Nbd7 10. Ne5 c5 11. Bf4 Nxe5 12. Bxe5 Ne4 13. dxc5 Nxc3 14. Bxc3 bxc5
15. Qa4 Qb6 16. Qd7 Bd6 17. e3 Rfd8 18. Qg4 Bf8 19. Rfd1 Qe6 20. Qf4 Rd7 21. Rd2 1/2-1/2

[Event "4NCL 2023-24"]
[Site "England ENG"]
[Date "2024.03.17"]
[Round "8.2"]
[Board "3"]
[White "Badacsonyi, Stanley"]
[Black "Emms, John M"]
[Result "1/2-1/2"]
[BlackTitle "GM"]
[WhiteElo "2196"]
[BlackElo "2442"]
[WhiteTeam "Barnet Knights A"]
[BlackTeam "Chessable White Rose 1"]
[WhiteFideId "486973"]
[BlackFideId "400254"]
[EventDate "2023.11.11"]

1. d4 d5 2. Nc3 Nf6 3. Bf4 a6 4. e3 e6 5. Bd3 c5 6. dxc5 Bxc5 7. Nf3 Nc6 8. O-O
O-O 9. e4 h6 10. exd5 exd5 11. Ne5 Re8 12. Nxc6 bxc6 13. h3 Bd6 14. Qf3 Be6 15.
Rad1 a5 16. b3 Bxf4 17. Qxf4 Qb8 18. Qxb8 Raxb8 19. Na4 Kf8 20. Rfe1 Ke7 21. c4
Kd6 22. cxd5 cxd5 23. Rc1 Bd7 24. Nc3 Rxe1+ 25. Rxe1 Re8 26. Kf1 Rxe1+ 27. Kxe1
Kc5 28. a3 d4 29. Ne2 Be6 30. Bc2 d3 31. Bxd3 Bxb3 32. Kd2 Bc4 33. Nc3 Kd4 34.
Ne2+ Kc5 35. Nc3 Kd4 36. Ne2+ 1/2-1/2

[Event "4NCL 2023-24"]
[Site "England ENG"]
[Date "2024.03.17"]
[Round "8.2"]
[Board "4"]
[White "Palliser, Richard J D"]
[Black "Villiers, Thomas"]
[Result "1/2-1/2"]
[WhiteTitle "IM"]
[BlackTitle "CM"]
[WhiteElo "2375"]
[BlackElo "2225"]
[WhiteTeam "Chessable White Rose 1"]
[BlackTeam "Barnet Knights A"]
[WhiteFideId "407372"]
[BlackFideId "427209"]
[EventDate "2023.11.11"]

1. d4 Nf6 2. Bg5 e6 3. Nd2 c5 4. e3 Nc6 5. c3 b6 6. Ne4 d5 7. Nxf6+ gxf6 8. Bh4
Be7 9. Qh5 f5 10. Bb5 Bd7 11. Bg3 a6 12. Bxc6 Bxc6 13. Nf3 Bf6 14. Ne5 Bxe5 15.
Bxe5 O-O 16. g4 f6 17. Bf4 Be8 18. Qh4 Bg6 19. gxf5 Bxf5 20. Bh6 Rf7 21. Rg1+
Kh8 22. O-O-O Qd7 23. f3 Bg6 24. Rxg6 hxg6 25. Rg1 Kh7 26. Bf8+ Kg8 27. Rxg6+
Kxf8 28. Qh8+ Ke7 29. Qxa8 Qb5 30. Qb7+ Kd6 31. Qxf7 Qf1+ 32. Kc2 Qe2+ 33. Kb3
Qb5+ 34. Kc2 Qe2+ 35. Kb3 1/2-1/2

[Event "4NCL 2023-24"]
[Site "England ENG"]
[Date "2024.03.17"]
[Round "8.2"]
[Board "5"]
[White "Badacsonyi, Frankie"]
[Black "Navrotescu, Andreea"]
[Result "0-1"]
[BlackTitle "WGM"]
[WhiteElo "2160"]
[BlackElo "2200"]
[WhiteTeam "Barnet Knights A"]
[BlackTeam "Chessable White Rose 1"]
[WhiteFideId "460400"]
[BlackFideId "675946"]
[EventDate "2023.11.11"]

1. d4 Nf6 2. c4 e6 3. Nf3 b6 4. g3 Ba6 5. b3 Bb4+ 6. Bd2 Be7 7. Nc3 d5 8. cxd5
exd5 9. Bg2 O-O 10. O-O Bb7 11. Bf4 a6 12. Ne5 Nbd7 13. Qc2 Re8 14. Rfd1 Nf8 15.
Bc1 Ne6 16. Bb2 Bd6 17. e3 Rc8 18. Nd3 Qe7 19. Ne2 Ng5 20. Nef4 Nge4 21. f3 Ng5
22. Ne5 c5 23. Qf5 h6 24. h4 Ngh7 25. Qd3 c4 26. bxc4 dxc4 27. Nxc4 Rxc4 28.
Qxc4 Qxe3+ 29. Kh1 Qf2 30. Kh2 Bxf4 31. gxf4 Re2 0-1

[Event "4NCL 2023-24"]
[Site "England ENG"]
[Date "2024.03.17"]
[Round "8.2"]
[Board "6"]
[White "Wall, Tim P"]
[Black "Willmoth, Robert F"]
[Result "1/2-1/2"]
[WhiteTitle "FM"]
[BlackTitle "CM"]
[WhiteElo "2191"]
[BlackElo "2104"]
[WhiteTeam "Chessable White Rose 1"]
[BlackTeam "Barnet Knights A"]
[WhiteFideId "401641"]
[BlackFideId "402540"]
[EventDate "2023.11.11"]

1. b3 e5 2. Bb2 d6 3. e3 c6 4. d4 Nd7 5. Nf3 e4 6. Nfd2 f5 7. Be2 Ngf6 8. c4 Be7
9. Nc3 d5 10. a3 O-O 11. b4 Rf7 12. h4 Nf8 13. g3 Be6 14. c5 Qd7 15. b5 Bd8 16.
Nb3 Bc7 17. Kd2 Ng4 18. Qg1 b6 19. a4 Qe8 20. a5 Bd7 21. axb6 axb6 22. Qg2 Ne6
23. Rxa8 Qxa8 1/2-1/2

[Event "4NCL 2023-24"]
[Site "England ENG"]
[Date "2024.03.17"]
[Round "8.2"]
[Board "7"]
[White "Mirzoeva, Elmira"]
[Black "Toczek, Grzegorz"]
[Result "0-1"]
[WhiteTitle "WGM"]
[BlackTitle "FM"]
[WhiteElo "2250"]
[BlackElo "2299"]
[WhiteTeam "Barnet Knights A"]
[BlackTeam "Chessable White Rose 1"]
[WhiteFideId "4127951"]
[BlackFideId "1106457"]
[EventDate "2023.11.11"]

1. d4 Nf6 2. c4 e5 3. dxe5 Ng4 4. Nf3 Bc5 5. e3 Nc6 6. Nc3 O-O 7. Be2 Ngxe5 8.
O-O Re8 9. Nd5 Nxf3+ 10. Bxf3 a5 11. b3 Ne5 12. Be2 Ra6 13. f4 Ng6 14. f5 Ne5
15. f6 g6 16. Qe1 Rae6 17. Qxa5 b6 18. Qa7 Bd6 19. Ba3 Bxa3 20. Qxa3 Bb7 21.
Ne7+ Kh8 22. Rad1 d6 23. Qb2 Qa8 24. Nd5 Qd8 25. Ne7 Qa8 26. Rf2 Be4 27. b4 Nc6
28. Nd5 Qd8 29. b5 Na5 30. Ne7 Nb7 31. Rf4 Nc5 32. h4 Re5 33. g4 Qa8 34. g5 Bh1
35. Bf1 Qa4 36. Re1 Bb7 37. Kh2 Qa5 38. Rd1 Ra8 39. Rd2 Ne6 40. Rff2 Qa3 41.
Qxa3 Rxa3 42. Bg2 Bxg2 43. Kxg2 Raxe3 44. Rf3 R3e4 45. Ra3 h6 46. Nd5 Rxh4 47.
gxh6 Rxc4 48. Ne3 Rce4 49. Nd5 Kh7 50. Ra7 Rc4 51. Kf1 Rf5+ 52. Ke1 Rc1+ 53. Ke2
Rc5 54. Ne3 Rxf6 55. a4 Re5 56. a5 bxa5 57. Rxa5 Nf4+ 58. Kf3 Nd5+ 0-1

[Event "4NCL 2023-24"]
[Site "England ENG"]
[Date "2024.03.17"]
[Round "8.2"]
[Board "8"]
[White "Dunn, Andrew"]
[Black "Dasgupta, Avyukt"]
[Result "1-0"]
[WhiteTitle "CM"]
[WhiteElo "2050"]
[BlackElo "2012"]
[WhiteTeam "Chessable White Rose 1"]
[BlackTeam "Barnet Knights A"]
[WhiteFideId "401960"]
[BlackFideId "480630"]
[EventDate "2023.11.11"]

1. d4 d5 2. c4 c6 3. Nf3 Nf6 4. e3 Bg4 5. Qb3 Qb6 6. Ne5 Bf5 7. c5 Qc7 8. Nc3
Nbd7 9. f4 Nxe5 10. fxe5 Ne4 11. Be2 e6 12. Bf3 Ng5 13. Be2 Be7 14. O-O h5 15.
Qd1 h4 16. Bg4 g6 17. h3 f6 18. e4 Nxe4 19. Bf4 Qd7 20. Bf3 Kf7 21. Bxe4 dxe4
22. exf6 Bxf6 23. Be5 e3 24. Bxf6 Kxf6 25. Ne4+ Kg7 26. Nd6 Qe7 27. Qb3 Rh5 28.
Qxe3 Rg5 29. Rae1 Qf6 30. Ne4 Bxe4 31. Qxe4 Rf5 32. Rxf5 exf5 33. Qe7+ Qf7 34.
Qxh4 Re8 35. Rxe8 Qxe8 36. Qf4 Qe1+ 37. Kh2 Qb4 38. b3 a6 39. Qe5+ Kh7 40. Qe3
Qb5 41. Kg1 Kg7 42. h4 Kf7 43. Kf2 Qa5 44. a4 Qd8 45. g3 Qd5 46. Kg1 a5 47. Kh2
Kf6 48. Qg5+ Kf7 49. h5 gxh5 50. Qxh5+ Kg7 51. Qg5+ Kf7 52. Qe3 Kf6 53. Qh6+ Kf7
54. Qh7+ Kf6 55. Qh6+ Kf7 56. Qe3 Kf6 57. Kg1 Kf7 58. Kf2 Kf6 59. Ke2 Qg2+ 60.
Kd1 Qf1+ 61. Kc2 Qg2+ 62. Kc3 Qf1 63. Kb2 Qg2+ 64. Ka3 Qf1 65. Qc3 Kg6 66. b4
axb4+ 67. Kxb4 Qb1+ 68. Ka5 Qf1 69. Kb6 Qa6+ 70. Kc7 Qxa4 71. Kxb7 Kg5 72. Qe3+
Kh5 73. Qf3+ Kg5 74. Qf4+ Kg6 75. Kc7 Qa7+ 76. Kxc6 Qa6+ 77. Kd7 Qa7+ 78. Qc7
Qa1 79. Qd6+ Kg5 80. c6 Qa7+ 81. c7 Qa4+ 82. Kd8 f4 83. Qxf4+ Kh5 84. Qe5+ Kg6 1-0

[Event "4NCL 2023-24"]
[Site "England ENG"]
[Date "2024.03.17"]
[Round "8.3"]
[Board "1"]
[White "Claridge-Hansen, William"]
[Black "Harvey, Marcus R"]
[Result "0-1"]
[WhiteTitle "FM"]
[BlackTitle "IM"]
[WhiteElo "2366"]
[BlackElo "2468"]
[WhiteTeam "Oxford 1"]
[BlackTeam "Wood Green"]
[WhiteFideId "422509"]
[BlackFideId "400092"]
[EventDate "2023.11.11"]

1. c4 e5 2. Nc3 Bb4 3. Nd5 a5 4. Nxb4 axb4 5. d4 exd4 6. Qxd4 Qf6 7. Nf3 Nc6 8.
Qxf6 Nxf6 9. b3 d6 10. Bb2 Ke7 11. Nd2 Be6 12. e4 Ra5 13. Bd3 Rha8 14. Bb1 Nd7
15. f4 f6 16. Kf2 Nc5 17. h4 h5 18. Re1 Kf7 19. Re3 Bg4 20. Nf3 g6 21. Nh2 Bd1
22. e5 dxe5 23. fxe5 f5 24. Re1 Bxb3 25. Nf3 Bxa2 26. Ng5+ Ke7 27. Bc2 b3 28.
Nh3 bxc2 29. Nf4 Bxc4 0-1

[Event "4NCL 2023-24"]
[Site "England ENG"]
[Date "2024.03.17"]
[Round "8.3"]
[Board "2"]
[White "Murphy, Conor E"]
[Black "Powierski, Emil"]
[Result "1-0"]
[WhiteTitle "IM"]
[WhiteElo "2484"]
[BlackElo "2288"]
[WhiteTeam "Wood Green"]
[BlackTeam "Oxford 1"]
[WhiteFideId "421669"]
[BlackFideId "4656199"]
[EventDate "2023.11.11"]

1. e4 c5 2. Nf3 e6 3. d4 cxd4 4. Nxd4 Nf6 5. Nc3 Nc6 6. Nxc6 bxc6 7. e5 Nd5 8.
Ne4 Qc7 9. f4 Qb6 10. c4 Ne3 11. Qd3 Bb4+ 12. Nc3 Nxf1 13. Rxf1 Ba6 14. a3 Be7
15. b4 f6 16. Bb2 O-O 17. O-O-O fxe5 18. Qxd7 Rf7 19. Qxe6 Bc8 20. Qxe5 Bg4 21.
Rd3 Bf6 22. Qe3 Qa6 23. f5 Re7 24. Qf4 Bh5 25. Kb1 Rae8 26. Rc1 Bf7 27. Nd1 Re4
28. Qg3 Bxb2 29. Nxb2 c5 30. Qd6 Qb7 31. Qxc5 Re2 32. Qd4 Qxg2 33. Rg3 Qe4+ 34.
Qxe4 R8xe4 35. c5 Rxh2 36. c6 Ree2 37. Nd3 Ba2+ 38. Ka1 Rc2 39. c7 Rxc1+ 40.
Nxc1 Rc2 41. Nxa2 Rxc7 42. Nc3 Rf7 43. Nd5 Kf8 44. Rg5 Rd7 45. f6 g6 46. Kb2 h6
47. Re5 h5 48. Nf4 Kf7 49. Re7+ Rxe7 50. fxe7 h4 51. Nxg6 h3 52. Ne5+ Kxe7 53.
Nf3 Kf6 54. a4 Kf5 55. b5 Kf4 56. a5 Kxf3 57. b6 axb6 58. a6 h2 59. a7 Kg2 60.
a8=Q+ Kg1 61. Qg8+ Kf2 62. Qd5 Kg1 63. Qg5+ Kf2 64. Qf4+ Kg2 65. Qg4+ Kf2 66.
Qh3 Kg1 67. Qg3+ Kh1 68. Qf2 b5 69. Qf1# 1-0

[Event "4NCL 2023-24"]
[Site "England ENG"]
[Date "2024.03.17"]
[Round "8.3"]
[Board "3"]
[White "Khoury, Theo"]
[Black "Speelman, Jon S"]
[Result "1/2-1/2"]
[BlackTitle "GM"]
[WhiteElo "2113"]
[BlackElo "2500"]
[WhiteTeam "Oxford 1"]
[BlackTeam "Wood Green"]
[WhiteFideId "480703"]
[BlackFideId "400033"]
[EventDate "2023.11.11"]

1. e4 c6 2. d4 d5 3. exd5 cxd5 4. Bd3 Nc6 5. c3 Nf6 6. Bf4 Bg4 7. Qb3 Qd7 8. Nd2
e6 9. Ngf3 Bd6 10. Bxd6 Qxd6 11. O-O O-O 12. Rfe1 Nd7 13. Qc2 h6 14. h3 Bxf3 15.
Nxf3 Rfe8 16. Rad1 a6 17. a4 Rad8 18. Qd2 e5 19. dxe5 Ndxe5 20. Nxe5 Rxe5 21.
Rxe5 Qxe5 22. Qe3 Qf6 1/2-1/2

[Event "4NCL 2023-24"]
[Site "England ENG"]
[Date "2024.03.17"]
[Round "8.3"]
[Board "4"]
[White "Turner, Matthew J"]
[Black "Manley, Jon P"]
[Result "1-0"]
[WhiteTitle "GM"]
[WhiteElo "2454"]
[BlackElo "2167"]
[WhiteTeam "Wood Green"]
[BlackTeam "Oxford 1"]
[WhiteFideId "402893"]
[BlackFideId "403296"]
[EventDate "2023.11.11"]

1. d4 d5 2. Nc3 Nf6 3. Bf4 e6 4. Nb5 Na6 5. e3 c6 6. Nc3 Be7 7. a3 c5 8. Nf3 Bd7
9. Ne5 Nc7 10. dxc5 Bxc5 11. Bd3 a6 12. O-O Be7 13. Qf3 Bb5 14. Nxb5 Nxb5 15. c4
Nd6 16. Rfd1 Qb6 17. Rab1 Rc8 18. cxd5 exd5 19. Qh3 Rd8 20. Bc2 Rg8 21. Ng4 g5
22. Be5 Nxg4 23. Qxg4 Nc4 24. Bd4 Qh6 25. e4 Qe6 26. Qxe6 fxe6 27. exd5 Rxd5 28.
Bxh7 Rf8 29. Bg7 Rf4 30. Bg6+ Kd8 31. g3 Nxa3 32. bxa3 1-0

[Event "4NCL 2023-24"]
[Site "England ENG"]
[Date "2024.03.17"]
[Round "8.3"]
[Board "5"]
[White "Hobson, Kenneth"]
[Black "Arakhamia-Grant, Ketevan"]
[Result "1/2-1/2"]
[WhiteTitle "CM"]
[BlackTitle "GM"]
[WhiteElo "2120"]
[BlackElo "2290"]
[WhiteTeam "Oxford 1"]
[BlackTeam "Wood Green"]
[WhiteFideId "480819"]
[BlackFideId "13600168"]
[EventDate "2023.11.11"]

1. e4 c5 2. Nf3 e6 3. d4 cxd4 4. Nxd4 Nc6 5. Bf4 d6 6. Nxc6 bxc6 7. c4 e5 8. Be3
Nf6 9. Nc3 Be7 10. Qc2 Ng4 11. Bc1 O-O 12. Bd3 Bg5 13. h3 Nh6 14. Bd2 Be6 15. g4
f6 16. O-O-O Nf7 17. f3 Qb6 18. h4 Bxd2+ 19. Qxd2 Rab8 20. b3 h6 21. Be2 Qb4 22.
Na4 a5 23. Qxb4 axb4 24. Nb2 Ra8 25. Kb1 Ra5 26. Rd2 Rfa8 27. Nd3 c5 28. Rhd1
Kf8 29. Ne1 Ke7 30. Ng2 Nd8 31. f4 Nc6 32. f5 Bf7 33. h5 Nd4 34. Ne1 Ra3 35. Rb2
R8a7 36. Rdd2 Be8 37. Nc2 Bc6 38. Nxd4 exd4 39. Bf3 Kf8 40. Re2 Re7 41. Kc2 Ra8
42. Kd3 Rae8 43. Re1 Ra8 44. Ree2 Ke8 45. Bg2 Kd7 46. Rb1 Kc7 47. Rd1 Rae8 48.
Rde1 Kb6 49. Bf3 Ra7 50. Rd1 Ba8 51. Rde1 Bb7 52. Rd1 Bc6 53. Bg2 Rae7 54. Rde1
Ra7 55. Rd1 Rae7 1/2-1/2

[Event "4NCL 2023-24"]
[Site "England ENG"]
[Date "2024.03.17"]
[Round "8.3"]
[Board "6"]
[White "Greet, Andrew N"]
[Black "Arora, Tashika"]
[Result "1-0"]
[WhiteTitle "IM"]
[WhiteElo "2408"]
[BlackElo "1934"]
[WhiteTeam "Wood Green"]
[BlackTeam "Oxford 1"]
[WhiteFideId "405817"]
[BlackFideId "459305"]
[EventDate "2023.11.11"]

1. c4 Nf6 2. Nf3 e6 3. g3 d5 4. Bg2 Be7 5. O-O O-O 6. d4 b6 7. cxd5 Nxd5 8. e4
Nf6 9. Nc3 Bb7 10. Qc2 h6 11. Rd1 Na6 12. a3 Qc8 13. b4 c6 14. Bf4 Nc7 15. Ne5
b5 16. Ne2 Na6 17. Nc1 Nd7 18. Nb3 Nxe5 19. Bxe5 Bd8 20. Rac1 Bb6 21. Qe2 f6 22.
Bd6 Rf7 23. d5 e5 24. Nc5 Bxc5 25. bxc5 Nc7 26. Qh5 Qe8 27. f4 exf4 28. gxf4
cxd5 29. Bxc7 Rxc7 30. Qxe8+ Rxe8 31. exd5 Rf7 32. c6 Bc8 33. d6 Be6 34. d7 Bxd7
35. cxd7 Rd8 36. Rc8 Rff8 37. Rxd8 Rxd8 38. Bc6 a6 39. Re1 Kf7 40. Re8 1-0